• 首页
  • 本馆介绍
  • 公告通知
  • 最新文献
  • 馆藏检索
  • 电子资源
  • 读者导购
  • 参考咨询
  • 我的图书馆
  • 登录
  • 详细信息显示
  • 放入我的书架
  • 预约/预借图书
  • 作者相关作品
  • 分类相关作品
  • 丛书相关作品
  • 出版社相关作品

书目信息

  • 表格格式
  • 工作单格式
  • 卡片格式
题名:
演技七讲
    
 
作者: 钱英郁 编
分册:  
出版信息: 上海   上海文艺出版社  1981
页数: 96页
开本: 18cm
丛书名: 知识丛书
单 册:
中图分类: J812.2
科图分类:
主题词: 戏剧-表演艺术 , 表演艺术-戏剧
电子资源:
ISBN:
000 00662nam2 2200265 45
001 0181009653
005 20060802145039.00
010    @dCNY0.23
091    @aCN@b8078.3293
100    @a19950511d1981 em y0chiy0121 ea
101 0  @achi
102    @aCN@b310000
105    @ay z 000yy
200 10 @a演技七讲@Ayan ji qi jiang@f钱英郁编
210    @a上海@c上海文艺出版社@d1981
215    @a96页@d18cm
225 2  @a知识丛书
410  0 @120010@a知识丛书
606    @a戏剧-表演艺术
606    @a表演艺术-戏剧
690    @aJ812.2@v3
701  0 @a钱英郁@Aqian ying yu@4编
801  2 @aCN@bNLC@c20060802
801  0 @aCN@bTSSF
905    @a10447@dJ812.2@e50
    
    演技七讲/钱英郁编.-上海:上海文艺出版社,1981
    96页;18cm.-(知识丛书)
    
    
    ISBN :CNY0.23
    
●
相关链接 在E读中查询图书 在五车中查询图书 在当当中查询图书 在豆瓣中查询图书


正题名:演技七讲     索取号:J812.2/50         预约/预借

序号 登录号 条形码 馆藏地/架位号 状态 备注
1 0444266   204442665   密集书库/ [索取号:J812.2/50] 在馆    
唐山师范学院图书馆 欢迎您!
大连网信软件有限公司© 版权所有